[Event "European Club Cup (Women)"]
[Site "Antalya TUR"]
[Date "2007.10.06"]
[EventDate "2007.10.03"]
[Round "4"]
[Result "1/2-1/2"]
[White "Betul Cemre Yildiz"]
[Black "Elina Danielian"]
[WhiteElo "2220"]
[BlackElo "2458"]
[PlyCount "61"]

1. e4 e6 2. d4 d5 3. Nd2 c5 4. exd5 exd5 5. Ngf3 Nf6 6. Bb5+
Bd7 7. Bxd7+ Nbxd7 8. O-O Be7 9. dxc5 Nxc5 10. Nd4 Qd7
11. N2f3 O-O 12. Bf4 Rfe8 13. c3 Nce4 14. h3 Bc5 15. Qd3 Nh5
16. Be3 a6 17. Rad1 Rac8 18. Rfe1 Nhf6 19. Bf4 Qa4 20. Qb1 Ba7
21. Ng5 Nxg5 22. Rxe8+ Rxe8 23. Bxg5 Ne4 24. Be3 Qc4 25. Rd3
b5 26. a3 Bb8 27. Nf3 h6 28. Qd1 Nf6 29. Bd4 Ne4 30. Be3 Nf6
31. Bd4 1/2-1/2

[Event "European Club Cup (Women)"]
[Site "Kemer TUR"]
[Date "2007.10.07"]
[EventDate "2007.10.03"]
[Round "5"]
[Result "1/2-1/2"]
[White "Betul Cemre Yildiz"]
[Black "Tatjana Melamed"]
[WhiteElo "2220"]
[BlackElo "2363"]
[PlyCount "52"]

1. e4 Nf6 2. e5 Nd5 3. d4 d6 4. Nf3 g6 5. Bc4 Nb6 6. Bb3 Bg7
7. O-O O-O 8. Re1 dxe5 9. Nxe5 N8d7 10. Ng4 c5 11. dxc5 Nxc5
12. Nh6+ Bxh6 13. Bxh6 Qxd1 14. Rxd1 Re8 15. Nc3 Bf5 16. Rd2
Rad8 17. Rad1 Rxd2 18. Rxd2 Nxb3 19. axb3 f6 20. Be3 Nc8
21. f3 h5 22. Nb5 a6 23. Nd4 Bd7 24. Ne2 Bf5 25. Nd4 Bd7
26. Ne2 Bf5 1/2-1/2

[Event "European Club Cup (Women)"]
[Site "Kemer TUR"]
[Date "2007.10.08"]
[EventDate "2007.10.03"]
[Round "6"]
[Result "1/2-1/2"]
[White "Melodi Dincel"]
[Black "Betul Cemre Yildiz"]
[WhiteElo "1812"]
[BlackElo "2220"]
[PlyCount "30"]

1. c4 e5 2. Nc3 Nf6 3. e4 Bc5 4. g3 d6 5. h3 Be6 6. d3 h6
7. Bg2 Nc6 8. Nge2 a6 9. O-O Rb8 10. a4 Qd7 11. Kh2 h5 12. Nd5
Bxd5 13. exd5 Nd4 14. Nxd4 Bxd4 15. Rb1 b5 1/2-1/2

[Event "European Club Cup (Women)"]
[Site "Kemer TUR"]
[Date "2007.10.09"]
[EventDate "2007.10.03"]
[Round "7"]
[Result "0-1"]
[White "Betul Cemre Yildiz"]
[Black "Elena Zaiatz"]
[WhiteElo "2220"]
[BlackElo "2366"]
[PlyCount "76"]

1. e4 e5 2. Nf3 Nc6 3. d4 exd4 4. Nxd4 Qf6 5. Be3 Bc5 6. c3
Nge7 7. Bc4 Ne5 8. Be2 d5 9. O-O O-O 10. f4 N5c6 11. e5 Qh4
12. g3 Qh3 13. Bf3 Bb6 14. Qd2 Bg4 15. Bg2 Qh5 16. Na3 Rad8
17. Nac2 Nxd4 18. cxd4 Nf5 19. Bf2 Rfe8 20. Ne3 Nh6 21. Nxd5
Bh3 22. Nxb6 Ng4 23. Nc4 Bxg2 24. Kxg2 Qxh2+ 25. Kf3 Qh5
26. Kg2 Qh2+ 27. Kf3 Qh5 28. Ke4 Qg6+ 29. f5 Qc6+ 30. Kd3 b5
31. Qc2 bxc4+ 32. Kc3 Qf3+ 33. Kb4 Rb8+ 34. Kxc4 Qc6+ 35. Kd3
Nxe5+ 36. Kd2 Nc4+ 37. Kc1 Rxb2 38. Qc3 Qh6+ 0-1

[Event "European Team Chess Championships (Women)"]
[Site "Crete GRE"]
[Date "2007.10.28"]
[EventDate "2007.10.28"]
[Round "1"]
[Result "1-0"]
[White "Ildiko Madl"]
[Black "Betul Cemre Yildiz"]
[WhiteElo "2381"]
[BlackElo "2220"]
[PlyCount "67"]

1. e4 e5 2. Nf3 Nc6 3. Bb5 a6 4. Ba4 Nf6 5. O-O b5 6. Bb3 Bc5
7. c3 d6 8. d4 Bb6 9. h3 h6 10. Re1 O-O 11. Be3 Bb7 12. Nbd2
exd4 13. cxd4 Nb4 14. Qb1 c5 15. a3 Nc6 16. d5 Ne5 17. Nxe5
dxe5 18. Bc2 Nd7 19. Qd1 f5 20. exf5 Nf6 21. Ne4 Nxd5 22. Bxc5
Kh8 23. b4 Bc6 24. f6 g6 25. Qd2 Kh7 26. Rad1 Bxc5 27. bxc5
Qc7 28. Nd6 Rxf6 29. Rxe5 Nf4 30. Rde1 Ra7 31. Qd4 Qg7 32. Be4
Ne6 33. Qe3 Bxe4 34. Nxe4 1-0

[Event "European Team Chess Championships (Women)"]
[Site "Crete GRE"]
[Date "2007.10.29"]
[EventDate "2007.10.28"]
[Round "2"]
[Result "1-0"]
[White "Betul Cemre Yildiz"]
[Black "Katharina Newrkla"]
[WhiteElo "2220"]
[BlackElo "2037"]
[PlyCount "115"]

1. e4 c5 2. Nf3 d6 3. c3 Nf6 4. Be2 g6 5. O-O Bg7 6. Bb5+ Bd7
7. Bxd7+ Nfxd7 8. d4 O-O 9. Qe2 Qb6 10. e5 cxd4 11. e6 d3
12. exf7+ Rxf7 13. Qxd3 Nc6 14. Ng5 Rf5 15. Na3 Nc5 16. Qe2
Raf8 17. Be3 Qa6 18. Qd2 Ne5 19. Ne4 Nxe4 20. Qd5+ e6 21. Qxe4
d5 22. Qc2 Ng4 23. Qd2 Qd6 24. g3 Rh5 25. h4 Rf3 26. Bf4 Qa6
27. Qd1 Rxf4 28. gxf4 Rxh4 29. Re1 Qb6 30. Qe2 Kf7 31. Nc2
Nxf2 32. Nd4 Rh1+ 33. Kg2 Rxe1 34. Rxe1 Ne4 35. Nf3 Qd6
36. Ng5+ Nxg5 37. fxg5 b6 38. Rf1+ Kg8 39. Qf3 Qe7 40. Qg3 e5
41. Qg4 e4 42. Qc8+ Bf8 43. Rf6 Kg7 44. Kf1 h6 45. Qe6 Qxe6
46. Rxe6 hxg5 47. Re5 Kf6 48. Rxd5 a5 49. Rb5 Bc5 50. b4 axb4
51. cxb4 Bd4 52. a4 g4 53. a5 bxa5 54. bxa5 e3 55. Rb4 Ke5
56. a6 g3 57. Rxd4 Kxd4 58. a7 1-0

[Event "European Team Chess Championships (Women)"]
[Site "Crete GRE"]
[Date "2007.10.30"]
[EventDate "2007.10.28"]
[Round "3"]
[Result "1-0"]
[White "Yudania Hernandez Estevez"]
[Black "Betul Cemre Yildiz"]
[WhiteElo "2263"]
[BlackElo "2220"]
[PlyCount "61"]

1. e4 e5 2. Nf3 Nc6 3. Bb5 a6 4. Ba4 Nf6 5. d3 d6 6. c3 g6
7. Nbd2 Bg7 8. O-O O-O 9. Re1 Re8 10. Nf1 h6 11. h3 b5 12. Bb3
Bb7 13. a4 Na5 14. Bc2 c5 15. Ng3 d5 16. Qe2 Qb6 17. Be3 d4
18. Bd2 Nc6 19. cxd4 cxd4 20. Nh4 b4 21. Bb3 Na5 22. Ba2 Kf8
23. Rf1 Bc8 24. f4 exf4 25. Rxf4 g5 26. Rxf6 Bxf6 27. Qh5 Be6
28. Rf1 Bxa2 29. Qxh6+ Kg8 30. Rxf6 Re6 31. Nhf5 1-0

[Event "European Team Chess Championships (Women)"]
[Site "Crete GRE"]
[Date "2007.10.31"]
[EventDate "2007.10.28"]
[Round "4"]
[Result "1/2-1/2"]
[White "Betul Cemre Yildiz"]
[Black "Turkan Mamedjarova"]
[WhiteElo "2220"]
[BlackElo "2227"]
[PlyCount "65"]

1. e4 e5 2. Nf3 d6 3. d4 exd4 4. Nxd4 Nf6 5. Nc3 Be7 6. g3 O-O
7. Bg2 c5 8. Nde2 Nc6 9. O-O Rb8 10. a4 a6 11. h3 b5 12. axb5
axb5 13. Nf4 Nd7 14. Nfd5 Nde5 15. f4 b4 16. Ne2 Nc4 17. Qd3
Nb6 18. Nxe7+ Qxe7 19. b3 c4 20. bxc4 Be6 21. Nd4 Bxc4
22. Nxc6 Qc7 23. Qd4 Qxc6 24. Bb2 f6 25. Rfd1 Bf7 26. e5 dxe5
27. fxe5 fxe5 28. Qxe5 Qh6 29. Rd6 Nc4 30. Rxh6 Nxe5 31. Bxe5
gxh6 32. Bxb8 Rxb8 33. Be4 1/2-1/2

[Event "European Team Chess Championships (Women)"]
[Site "Crete GRE"]
[Date "2007.11.01"]
[EventDate "2007.10.28"]
[Round "5"]
[Result "1-0"]
[White "Betul Cemre Yildiz"]
[Black "Regina R Narva"]
[WhiteElo "2220"]
[BlackElo "2094"]
[PlyCount "49"]

1. e4 c5 2. Nf3 Nc6 3. Bb5 g6 4. O-O Bg7 5. Re1 e5 6. c3 Nge7
7. Bf1 O-O 8. d3 d5 9. exd5 Nxd5 10. Nbd2 b6 11. Nc4 Re8
12. a4 f5 13. Qb3 h6 14. a5 Rb8 15. axb6 axb6 16. Ncxe5 Rxe5
17. Nxe5 Nxe5 18. d4 cxd4 19. Bf4 Qd6 20. cxd4 Nf3+ 21. gxf3
Qxf4 22. Qxd5+ Kh7 23. Ra7 Qg5+ 24. Kh1 Qf6 25. Ree7 1-0

[Event "European Team Chess Championships (Women)"]
[Site "Crete GRE"]
[Date "2007.11.03"]
[EventDate "2007.10.28"]
[Round "6"]
[Result "1/2-1/2"]
[White "Bella Igla"]
[Black "Betul Cemre Yildiz"]
[WhiteElo "2291"]
[BlackElo "2220"]
[PlyCount "135"]

1. d4 d5 2. c4 c6 3. Nf3 Nf6 4. Nc3 a6 5. a4 e6 6. Bg5 Nbd7
7. e3 Be7 8. Bd3 O-O 9. O-O dxc4 10. Bxc4 c5 11. Bb3 b6
12. Qe2 Bb7 13. Rfd1 Qc7 14. Rac1 Rfd8 15. e4 h6 16. Bh4 Nf8
17. Bg3 Qc8 18. a5 b5 19. dxc5 Rxd1+ 20. Nxd1 Bxc5 21. Bf4
N8d7 22. e5 Nh7 23. Nc3 Qd8 24. Ne4 Rc8 25. Rd1 Nhf8 26. Bd2
Qc7 27. Rc1 Qb8 28. Nxc5 Rxc5 29. Rxc5 Nxc5 30. Bc2 Qa8 31. b4
Ne4 32. Be1 Ng6 33. Qe3 Ne7 34. Nd4 Ng5 35. f3 Nd5 36. Qd3 Nf4
37. Qd2 Nd5 38. h4 Nh7 39. Nb3 Nf8 40. Nc5 Bc6 41. Qd4 Qc8
42. Bd2 Ne7 43. h5 Bd5 44. Qd3 Nc6 45. f4 Ne7 46. Be1 Nd7
47. Nxd7 Qxd7 48. Bd2 Nf5 49. Be1 Qc6 50. g4 Ne7 51. Bf2 g6
52. Bc5 Bh1 53. Qh3 Be4 54. Bxe4 Qxe4 55. Bxe7 g5 56. Qc3 Qxf4
57. Bf6 Qxg4+ 58. Kf2 Qf4+ 59. Ke2 Qe4+ 60. Kd2 Qg2+ 61. Kc1
Qh1+ 62. Kb2 Qxh5 63. Qd3 Qh2+ 64. Kc3 Qh1 65. Kb3 g4 66. Be7
Qh3 67. Kc3 Qh1 68. Qd8+ 1/2-1/2

[Event "European Team Chess Championships (Women)"]
[Site "Crete GRE"]
[Date "2007.11.04"]
[EventDate "2007.10.28"]
[Round "7"]
[Result "1-0"]
[White "Betul Cemre Yildiz"]
[Black "Laura Savola"]
[WhiteElo "2220"]
[BlackElo "2040"]
[PlyCount "75"]

1. e4 e6 2. d4 d5 3. Nd2 c5 4. exd5 Qxd5 5. Ngf3 cxd4 6. Bc4
Qd8 7. O-O Nf6 8. Nb3 Nc6 9. Qe2 a6 10. a4 Bd6 11. Rd1 O-O
12. Nbxd4 Nxd4 13. Rxd4 Qc7 14. Bg5 e5 15. Rh4 Bf5 16. Bxf6
gxf6 17. Bd3 Bg6 18. Rg4 Kh8 19. Nh4 Bc5 20. Qd2 Qd7 21. h3 f5
22. Rc4 Be7 23. Qc3 Bf6 24. Rc7 Qe6 25. Nxg6+ fxg6 26. Rxb7
Rac8 27. Qb4 e4 28. Bf1 Rf7 29. Rxf7 Qxf7 30. c3 Qa7 31. Qd6
Bg7 32. Qxa6 Qc5 33. Qb5 Qa7 34. Re1 Rb8 35. Qc6 Be5 36. Bc4
Rxb2 37. Qe8+ Kg7 38. Qxe5+ 1-0

[Event "European Team Chess Championships (Women)"]
[Site "Crete GRE"]
[Date "2007.11.05"]
[EventDate "2007.10.28"]
[Round "8"]
[Result "1-0"]
[White "Gundula Heinatz"]
[Black "Betul Cemre Yildiz"]
[WhiteElo "2193"]
[BlackElo "2220"]
[PlyCount "61"]

1. d4 Nf6 2. Nf3 e6 3. Bg5 Be7 4. e3 b6 5. Nbd2 Bb7 6. Bd3 d5
7. c3 Nbd7 8. Qa4 O-O 9. O-O c5 10. Ne5 h6 11. Bh4 Nxe5
12. dxe5 Nd7 13. Bg3 a6 14. Qg4 b5 15. Nf3 Re8 16. Bf4 Kf8
17. Qh5 f5 18. Qg6 Bg5 19. Bxg5 hxg5 20. Nxg5 Qe7 21. f4 d4
22. exd4 cxd4 23. cxd4 Nb6 24. Nh7+ Kg8 25. Nf6+ Kf8 26. Nxe8
Rxe8 27. Bxf5 Qd7 28. Kh1 exf5 29. Qxb6 Re6 30. Qc5+ Kg8
31. d5 1-0

[Event "Isbank Ataturk Women Masters"]
[Site "Istanbul"]
[Date "2008.03.12"]
[EventDate "2008.??.??"]
[Round "2"]
[Result "1-0"]
[White "Yifan Hou"]
[Black "Betul Cemre Yildiz"]
[WhiteElo "2527"]
[BlackElo "2227"]
[PlyCount "79"]

1. e4 e5 2. Nf3 Nc6 3. Bb5 a6 4. Ba4 Nf6 5. d3 d6 6. c3 g6
7. O-O Bg7 8. Re1 O-O 9. Nbd2 b5 10. Bc2 Ne7 11. d4 exd4
12. cxd4 c5 13. d5 Nd7 14. Nf1 Nb6 15. Rb1 f5 16. Bg5 Bf6
17. Bh6 Bg7 18. Bxg7 Kxg7 19. b4 fxe4 20. Bxe4 Nf5 21. Qc1 Nc4
22. a4 Bd7 23. bxc5 dxc5 24. d6 Rb8 25. axb5 axb5 26. Bxf5
Rxf5 27. Re7+ Rf7 28. Rxf7+ Kxf7 29. Qh6 Qh8 30. Re1 Re8
31. Ng5+ Kg8 32. Rxe8+ Bxe8 33. Qh3 Qg7 34. Qe6+ Kf8 35. Qd5
Qe5 36. Nxh7+ Kg7 37. Qb7+ Bf7 38. d7 Qd6 39. Ng5 Ne5 40. d8=Q
1-0

[Event "Isbank Ataturk Women Masters"]
[Site "Istanbul"]
[Date "2008.03.13"]
[EventDate "2008.??.??"]
[Round "3"]
[Result "0-1"]
[White "Betul Cemre Yildiz"]
[Black "Zhao Xue"]
[WhiteElo "2227"]
[BlackElo "2440"]
[PlyCount "66"]

1. e4 c5 2. Nf3 d6 3. d4 cxd4 4. Nxd4 Nf6 5. Nc3 a6 6. Be3 e5
7. Nb3 Be7 8. f4 Nbd7 9. Qd2 b5 10. Be2 Bb7 11. Bf3 Rc8
12. O-O-O Qc7 13. Kb1 O-O 14. g4 b4 15. Nd5 Nxd5 16. exd5 a5
17. g5 a4 18. Nc1 f5 19. gxf6 Bxf6 20. Be4 exf4 21. Bd4 Nc5
22. Bxc5 Qxc5 23. Qd3 h6 24. Qh3 Rfe8 25. Bf5 b3 26. axb3 a3
27. Bxc8 Rxc8 28. Qd3 axb2 29. Ne2 Re8 30. Nd4 Qa3 31. c4 Bxd4
32. Qxd4 Qa1+ 33. Kc2 b1=Q+ 0-1

[Event "Isbank Ataturk Women Masters"]
[Site "Istanbul"]
[Date "2008.03.13"]
[EventDate "2008.??.??"]
[Round "4"]
[Result "1/2-1/2"]
[White "Dronavalli Harika"]
[Black "Betul Cemre Yildiz"]
[WhiteElo "2491"]
[BlackElo "2227"]
[PlyCount "69"]

1. Nf3 d5 2. d4 Nf6 3. c4 dxc4 4. e3 e6 5. Bxc4 c5 6. O-O a6
7. Bd3 Nc6 8. Nc3 Be7 9. dxc5 Bxc5 10. a3 O-O 11. b4 Be7
12. Bb2 b5 13. Ne4 Bb7 14. Qc2 Rc8 15. Nc5 Bxc5 16. bxc5 h6
17. Rfd1 Qe7 18. Rac1 Rfd8 19. Ne5 Qc7 20. f4 Na5 21. Bd4 Bd5
22. Rb1 Nd7 23. Nxd7 Rxd7 24. a4 Nc4 25. Qc3 e5 26. fxe5 Qc6
27. Bf1 Rcd8 28. Rdc1 Re8 29. axb5 axb5 30. Qb4 Qe6 31. Qc3
Qc6 32. Qb4 Qe6 33. Qxb5 Na3 34. Qb6 Nxb1 35. c6 1/2-1/2

[Event "Isbank Ataturk Women Masters"]
[Site "Istanbul"]
[Date "2008.03.16"]
[EventDate "2008.??.??"]
[Round "6"]
[Result "1-0"]
[White "Ekaterina Polovnikova-Atalik"]
[Black "Betul Cemre Yildiz"]
[WhiteElo "2414"]
[BlackElo "2227"]
[PlyCount "77"]

1. c4 c5 2. Nf3 Nf6 3. d4 cxd4 4. Nxd4 Nc6 5. g3 g6 6. Bg2 Bg7
7. O-O O-O 8. Nc3 Ng4 9. e3 d6 10. Nde2 Bd7 11. b3 a6 12. h3
Nf6 13. Bb2 Rb8 14. a4 Ne8 15. Ba3 b6 16. Rc1 Nc7 17. Nf4 Na7
18. b4 b5 19. cxb5 axb5 20. a5 Nc6 21. Ncd5 Nxd5 22. Nxd5 Ne5
23. Nb6 Be6 24. Bb2 Nc4 25. Bxg7 Kxg7 26. Qd4+ f6 27. Nxc4
bxc4 28. a6 Rxb4 29. a7 d5 30. e4 Qd7 31. exd5 Bxh3 32. Bxh3
Qxh3 33. d6 Rb7 34. Rb1 Qd7 35. Rxb7 Qxb7 36. d7 Rd8 37. Ra1
Qa8 38. Qb6 Rxd7 39. Qb8 1-0

[Event "Isbank Ataturk Women Masters"]
[Site "Istanbul TUR"]
[Date "2008.03.17"]
[EventDate "2008.03.11"]
[Round "7"]
[Result "1-0"]
[White "Betul Cemre Yildiz"]
[Black "Lela Javakhishvili"]
[WhiteElo "2207"]
[BlackElo "2470"]
[PlyCount "81"]

1. e4 c5 2. Nf3 e6 3. d4 cxd4 4. Nxd4 Nc6 5. Nxc6 bxc6 6. Bd3
Nf6 7. O-O d5 8. Nd2 Bc5 9. c4 Bb7 10. Qc2 Rc8 11. Rb1 Qe7
12. a3 dxe4 13. Nxe4 Nxe4 14. Bxe4 f5 15. Bd3 O-O 16. b4 Bd4
17. c5 Rcd8 18. Re1 Bc8 19. Bc4 Kh8 20. Bb2 e5 21. Rbd1 Bxb2
22. Qxb2 e4 23. Qc2 h6 24. Kf1 Rxd1 25. Rxd1 f4 26. Rd6 f3
27. Qc3 Qh4 28. Rg6 fxg2+ 29. Rxg2 Qe7 30. Rg3 Bf5 31. a4 Qd7
32. b5 Qd1+ 33. Kg2 Bg4 34. bxc6 Rf5 35. Bf1 Rg5 36. Qc4 e3
37. fxe3 Qd2+ 38. Kh1 Qf2 39. Qf4 Rf5 40. Qxf2 Rxf2 41. Kg1
1-0

[Event "European Individual Championship (Women)"]
[Site "Plovdiv BUL"]
[Date "2008.04.21"]
[EventDate "2008.04.21"]
[Round "1"]
[Result "1/2-1/2"]
[White "Eva Repkova"]
[Black "Betul Cemre Yildiz"]
[WhiteElo "2381"]
[BlackElo "2205"]
[PlyCount "84"]

1. e4 e5 2. Bc4 Nf6 3. d3 c6 4. Nf3 d5 5. Bb3 a5 6. a4 Bd6
7. exd5 Nxd5 8. O-O O-O 9. Re1 Re8 10. Ng5 h6 11. Nxf7 Kxf7
12. c4 Bb4 13. cxd5 Bxe1 14. Qxe1 cxd5 15. Nc3 Nc6 16. Bxd5+
Be6 17. Be4 Nd4 18. Qd1 Qd7 19. Be3 Rac8 20. Rc1 Kg8 21. h3
Nb3 22. Rb1 Nc5 23. Bxc5 Rxc5 24. Qh5 Rf8 25. Qg6 Rf6 26. Qg3
Bf5 27. Qe3 b6 28. Re1 Rf8 29. Rd1 Be6 30. d4 exd4 31. Rxd4
Qc7 32. Bc2 Re5 33. Re4 Rxe4 34. Qxe4 Rf6 35. Nd5 Bxd5
36. Qxd5+ Kf8 37. Bb3 Qc1+ 38. Kh2 Qc7+ 39. Kg1 Ke7 40. Qe4+
Kd7 41. Bc4 Qc5 42. Qe2 Kc7 1/2-1/2

[Event "European Individual Championship (Women)"]
[Site "Plovdiv BUL"]
[Date "2008.04.22"]
[EventDate "2008.04.21"]
[Round "2"]
[Result "1/2-1/2"]
[White "Betul Cemre Yildiz"]
[Black "Irina Slavina Turova"]
[WhiteElo "2205"]
[BlackElo "2380"]
[PlyCount "44"]

1. e4 e5 2. Nf3 Nc6 3. d4 exd4 4. Nxd4 Nf6 5. Nxc6 bxc6 6. e5
Qe7 7. Qe2 Nd5 8. c4 Ba6 9. b3 O-O-O 10. g3 g5 11. Bb2 Bg7
12. Nd2 Nb4 13. Nf3 c5 14. Bg2 Bb7 15. O-O h5 16. h4 g4
17. Ng5 Bxg2 18. Kxg2 Nc6 19. Rfe1 Rhe8 20. Qe4 Bh6 21. Nh7
Bg7 22. Ng5 Bh6 1/2-1/2

[Event "European Individual Championship (Women)"]
[Site "Plovdiv BUL"]
[Date "2008.04.23"]
[EventDate "2008.04.21"]
[Round "3"]
[Result "1-0"]
[White "Anna Sharevich"]
[Black "Betul Cemre Yildiz"]
[WhiteElo "2311"]
[BlackElo "2205"]
[PlyCount "67"]

1. d4 d5 2. Nf3 c5 3. g3 cxd4 4. Bg2 Nc6 5. Nxd4 e5 6. Nxc6
bxc6 7. c4 Bb4+ 8. Nd2 Qd6 9. O-O Nf6 10. cxd5 Bxd2 11. Bxd2
cxd5 12. a3 Be6 13. Rc1 a5 14. Be3 Nd7 15. f4 exf4 16. gxf4 f6
17. Qa4 O-O 18. Rc6 Qe7 19. Qd4 Kh8 20. Rfc1 Bf7 21. R1c3 Rab8
22. Qd2 Rb5 23. Bd4 Qd8 24. Bh3 Be8 25. Qe3 Rb8 26. Rc7 Rf7
27. Bf5 Re7 28. Qh3 g6 29. Be6 Kg7 30. e3 Nf8 31. Qh4 Rxc7
32. Rxc7+ Bd7 33. Bxd7 Nxd7 34. Bxf6+ 1-0

[Event "European Individual Championship (Women)"]
[Site "Plovdiv BUL"]
[Date "2008.04.24"]
[EventDate "2008.04.21"]
[Round "4"]
[Result "0-1"]
[White "Anna Rudolf"]
[Black "Betul Cemre Yildiz"]
[WhiteElo "2302"]
[BlackElo "2205"]
[PlyCount "82"]

1. e4 e5 2. Nf3 Nc6 3. Bc4 Nf6 4. d3 Be7 5. O-O O-O 6. Re1 d6
7. a4 Be6 8. Nc3 Qd7 9. a5 a6 10. h3 h6 11. Nd5 Rad8 12. c3
Rfe8 13. Bb3 Nh7 14. Be3 Kh8 15. d4 exd4 16. cxd4 Bf8 17. Bd2
f5 18. Nf4 Bf7 19. Bxf7 Qxf7 20. exf5 Rxe1+ 21. Qxe1 Qxf5
22. d5 Ne5 23. Nd4 Qf7 24. Nfe6 Re8 25. f4 c5 26. Ne2 Nc4
27. Nc3 Nf6 28. f5 Qh5 29. b3 Nxd2 30. Qxd2 Qxf5 31. Rf1 Qg6
32. Re1 Nd7 33. Ne4 Ne5 34. Qe2 Nd7 35. N4xc5 Nxc5 36. Nf4 Qe4
37. Qxe4 Rxe4 38. Rf1 Be7 39. b4 Nb3 40. Ne6 Bf6 41. Rf3 Nd4
0-1

[Event "European Individual Championship (Women)"]
[Site "Plovdiv BUL"]
[Date "2008.04.25"]
[EventDate "2008.04.21"]
[Round "5"]
[Result "0-1"]
[White "Betul Cemre Yildiz"]
[Black "Zeinab Mamedjarova"]
[WhiteElo "2205"]
[BlackElo "2322"]
[PlyCount "44"]

1. e4 e5 2. Nf3 Nc6 3. d4 exd4 4. Nxd4 Bc5 5. Be3 Bb6 6. g3
Nf6 7. Bg2 O-O 8. O-O Re8 9. Re1 Ne5 10. h3 Nc4 11. b3 Nxe3
12. Rxe3 d5 13. e5 Ne4 14. Na3 Rxe5 15. c4 Nxf2 16. Kxf2 Rxe3
17. Kxe3 Qe7+ 18. Kd3 Qxa3 19. Bxd5 Qb2 20. Bxf7+ Kh8 21. Ke4
Bxh3 22. Nf3 Qf6 0-1

[Event "European Individual Championship (Women)"]
[Site "Plovdiv BUL"]
[Date "2008.04.26"]
[EventDate "2008.04.21"]
[Round "6"]
[Result "0-1"]
[White "Betul Cemre Yildiz"]
[Black "Maria Velcheva"]
[WhiteElo "2205"]
[BlackElo "2262"]
[PlyCount "62"]

1. e4 e5 2. Nf3 Nc6 3. d4 exd4 4. Nxd4 Qf6 5. Be3 Bc5 6. c3
Qg6 7. Qf3 Nxd4 8. cxd4 Bb4+ 9. Bd2 Bxd2+ 10. Nxd2 Ne7 11. Rc1
Qb6 12. Qc3 O-O 13. d5 f5 14. Bc4 d6 15. e5 Kh8 16. Bb3 c6
17. Nc4 Qd8 18. dxc6 d5 19. cxb7 Bxb7 20. Nd6 Ba6 21. Qc7 Ng6
22. Nf7+ Rxf7 23. Qxf7 Qa5+ 24. Kd1 Rf8 25. Qc7 Qb4 26. Rc2 h6
27. Qc6 Qd4+ 28. Rd2 Qe4 29. Qxa6 Qb1+ 30. Ke2 Nf4+ 31. Kf3
Qe4+ 0-1

[Event "European Individual Championship (Women)"]
[Site "Plovdiv BUL"]
[Date "2008.04.27"]
[EventDate "2008.04.21"]
[Round "7"]
[Result "0-1"]
[White "Marsel Efroimski"]
[Black "Betul Cemre Yildiz"]
[WhiteElo "2081"]
[BlackElo "2205"]
[PlyCount "64"]

1. e4 e5 2. Nf3 Nc6 3. Bb5 a6 4. Ba4 Nf6 5. O-O b5 6. Bb3 Bb7
7. c3 Nxe4 8. Re1 Nc5 9. Nxe5 Nxe5 10. Rxe5+ Be7 11. Bc2 d6
12. Re1 O-O 13. d4 Nd7 14. a4 Re8 15. Na3 Bf6 16. Be3 Rb8
17. axb5 axb5 18. Nxb5 Bxg2 19. Kxg2 Rxb5 20. Bxh7+ Kf8
21. Qd3 Rxb2 22. Be4 Bg5 23. Ra8 Rb8 24. Ra7 d5 25. Bf5 Nb6
26. Kf1 Nc4 27. Bxg5 Qxg5 28. Ra2 Rxe1+ 29. Kxe1 Qc1+ 30. Ke2
Qh1 31. Bd7 Rb1 32. Qf5 Qd1+ 0-1

[Event "European Individual Championship (Women)"]
[Site "Plovdiv BUL"]
[Date "2008.04.29"]
[EventDate "2008.04.21"]
[Round "8"]
[Result "1-0"]
[White "Betul Cemre Yildiz"]
[Black "Maria Kursova"]
[WhiteElo "2205"]
[BlackElo "2322"]
[PlyCount "109"]

1. e4 c5 2. Nf3 e6 3. c3 Nf6 4. e5 Nd5 5. d4 cxd4 6. cxd4 d6
7. Bc4 Nc6 8. O-O Be7 9. Qe2 O-O 10. Qe4 Bd7 11. Re1 Rc8
12. Bd3 g6 13. Bh6 Re8 14. a3 Na5 15. Nbd2 Nb6 16. Qg4 Bc6
17. Ng5 dxe5 18. b4 Nd5 19. bxa5 Nf4 20. Bf1 Qxd4 21. Nb3 Qd5
22. Qg3 Ba4 23. Rab1 Rc2 24. Red1 Qc6 25. Nf3 Rc3 26. Nbd4 Qc5
27. Re1 Bd6 28. Nb5 Bxb5 29. Rxb5 Qxa3 30. Qg5 e4 31. Ne5 Nh5
32. Qd2 Rec8 33. Nc4 R3xc4 34. Bxc4 Rxc4 35. Rxb7 Rc8 36. Rd7
Be7 37. Rxa7 Nf6 38. Qd4 Qc5 39. Be3 Nd5 40. Ra6 Qb5 41. Bh6
Bf6 42. Qa7 Be5 43. g3 Bb8 44. Qd4 e5 45. Qxe4 Qxa6 46. Qxd5
Bc7 47. Rc1 Rd8 48. Qc5 Bb8 49. Qe7 Qd6 50. Qb7 g5 51. Bxg5
Rd7 52. Bh6 f5 53. Qb3+ Kh8 54. Rc8+ Rd8 55. Qf7 1-0

[Event "European Individual Championship (Women)"]
[Site "Plovdiv BUL"]
[Date "2008.04.30"]
[EventDate "2008.04.21"]
[Round "9"]
[Result "1-0"]
[White "Julia Kochetkova"]
[Black "Betul Cemre Yildiz"]
[WhiteElo "2316"]
[BlackElo "2205"]
[PlyCount "69"]

1. e4 e5 2. Nf3 Nc6 3. Bc4 Nf6 4. d3 Be7 5. O-O O-O 6. Re1 d6
7. a4 Be6 8. Nc3 Bxc4 9. dxc4 Qd7 10. Bg5 Ne8 11. Nd5 Bxg5
12. Nxg5 f6 13. Nf3 f5 14. exf5 Qxf5 15. Qd2 Kh8 16. Ra3 Qd7
17. Ng5 Nd4 18. Rh3 h6 19. f4 Nc6 20. b4 Kg8 21. Qd3 Qf5
22. Qxf5 Rxf5 23. b5 hxg5 24. bxc6 Rf7 25. cxb7 Rb8 26. fxe5
dxe5 27. Rxe5 Rd7 28. Rf3 Nf6 29. Nxf6+ gxf6 30. Rxf6 Kg7
31. Rff5 Rxb7 32. Rxg5+ Kf6 33. Ref5+ Ke6 34. Rb5 Rxb5
35. cxb5 1-0

[Event "European Individual Championship (Women)"]
[Site "Plovdiv BUL"]
[Date "2008.05.01"]
[EventDate "2008.04.21"]
[Round "10"]
[Result "1/2-1/2"]
[White "Betul Cemre Yildiz"]
[Black "Andjelija Stojanovic"]
[WhiteElo "2205"]
[BlackElo "2346"]
[PlyCount "57"]

1. e4 c5 2. Nf3 Nc6 3. Bb5 d6 4. O-O Bd7 5. Re1 Nf6 6. c3 a6
7. Bf1 Bg4 8. d4 cxd4 9. cxd4 e5 10. d5 Nb8 11. Qb3 Qc7
12. Be3 Nbd7 13. Nbd2 Be7 14. Rac1 Qb8 15. Bd3 O-O 16. Nc4 Bd8
17. a4 b6 18. Nfd2 Bh5 19. h3 Bg6 20. f4 b5 21. axb5 axb5
22. Na3 b4 23. Nb5 Nxe4 24. Bxe4 exf4 25. Bxf4 Qxb5 26. Kh1
Nc5 27. Qc4 Qxc4 28. Rxc4 Re8 29. Re2 1/2-1/2

[Event "European Individual Championship (Women)"]
[Site "Plovdiv BUL"]
[Date "2008.05.02"]
[EventDate "2008.04.21"]
[Round "11"]
[Result "1/2-1/2"]
[White "Sabina-Francesca Foisor"]
[Black "Betul Cemre Yildiz"]
[WhiteElo "2375"]
[BlackElo "2205"]
[PlyCount "134"]

1. d4 d5 2. c4 dxc4 3. Nf3 Nf6 4. e3 e6 5. Bxc4 c5 6. O-O a6
7. Bb3 Nc6 8. Qe2 cxd4 9. Rd1 Be7 10. exd4 Na5 11. Bc2 b5
12. Nc3 Bb7 13. Ne5 Rc8 14. a3 O-O 15. Qd3 Nc4 16. Qh3 Qc7
17. Nxc4 Qxc4 18. Bg5 g6 19. Qh4 Qc6 20. f3 e5 21. dxe5 Bc5+
22. Kf1 Nd7 23. Ne4 Qe6 24. Nf6+ Nxf6 25. Bxf6 Rfe8 26. Rd3
Bd5 27. b3 Be7 28. Rad1 Bxf6 29. Qxf6 Qxe5 30. Qxe5 Rxe5
31. R1d2 Be6 32. Kf2 Rec5 33. Bd1 Kg7 34. g4 h6 35. f4 Rc1
36. Ke3 a5 37. Rd4 Kf6 38. R2d3 Ra1 39. b4 Bc4 40. Rc3 axb4
41. axb4 Rb1 42. h4 Re8+ 43. Kd2 Rxb4 44. g5+ hxg5 45. hxg5+
Kg7 46. Kc1 Ra8 47. Bc2 Ra1+ 48. Kd2 Rb2 49. Rcxc4 bxc4
50. Rxc4 Ra3 51. Kc1 Rb5 52. Kd2 Rd5+ 53. Ke2 Kf8 54. Be4 Rb5
55. Bd3 Rd5 56. Be4 Rda5 57. Bd3 R5a4 58. Rc8+ Kg7 59. Ke3
Rxd3+ 60. Kxd3 Rxf4 61. Rc5 f6 62. Rc7+ Kf8 63. gxf6 Rxf6
64. Ke3 Rf5 65. Ke4 Rf7 66. Rxf7+ Kxf7 67. Kf4 Kf6 1/2-1/2